[Event "Loire-ch op 0506"]
[Site "Loire"]
[Date "2006.03.04"]
[Round "6"]
[White "Granger, Thierry"]
[Black "Mialon, Franck"]
[Result "1-0"]
[WhiteElo "1490"]
[BlackElo "1370"]
[PlyCount "77"]
[EventDate "2005.11.27"]
[EventType "swiss"]
[EventRounds "6"]
[EventCountry "FRA"]
[SourceTitle "EXT 2008"]
[Source "ChessBase"]
[SourceDate "2007.11.25"]
[SourceVersion "1"]
[SourceVersionDate "2007.11.25"]
[SourceQuality "1"]

1. d4 d5 2. c4 c6 3. Nf3 e6 4. e3 f5 5. Nc3 Nf6 6. Be2 Be7 7. a3 Ne4 8. Qc2 0-0 9. 0-0 Qc7 10. b4 Rf6 11. h3 Rg6 12. Nxe4 fxe4 13. Ne5 Rf6 14. cxd5 exd5 15. Bb2 Nd7 16. Rfc1 Nxe5 17. dxe5 Rg6 18. Kh2 Bf6 19. b5 Bxh3 20. gxh3 Bxe5+ 21. Kh1 Qd7 22. Bf1 Rh6 23. Bxe5 Rxh3+ 24. Bxh3 Qxh3+ 25. Bh2 Rf8 26. Rg1 Qf3+ 27. Rg2 Rf6 28. Qc1 Rg6 29. Qg1 h5 30. Qf1 h4 31. Kg1 Rh6 32. bxc6 bxc6 33. Rb1 h3 34. Rg3 Qf5 35. Rb8+ Kh7 36. Rb7 Rg6 37. Rxg6 Qxg6+ 38. Bg3 Qh5 39. Kh2 1-0

[Event "Loire-ch op"]
[Site "Loire"]
[Date "2002.04.27"]
[Round "6"]
[White "Mottet, Bertrand"]
[Black "Mialon, Franck"]
[Result "1/2-1/2"]
[WhiteElo "1450"]
[BlackElo "1210"]
[PlyCount "76"]
[EventDate "2001.02.??"]
[EventType "swiss"]
[EventRounds "9"]
[EventCountry "FRA"]
[SourceTitle "EXT 2008"]
[Source "ChessBase"]
[SourceDate "2007.11.25"]
[SourceVersion "1"]
[SourceVersionDate "2007.11.25"]
[SourceQuality "1"]

1. c4 f5 2. Nc3 Nf6 3. g3 e6 4. Bg2 Be7 5. d4 0-0 6. Nf3 Nc6 7. 0-0 b6 8. a3 Bb7 9. Qc2 Na5 10. b3 Ne4 11. Bb2 e5 12. Nxe5 Qb8 13. Nxd7 Qd8 14. Nxf8 Nxc3 15. Qxc3 Bxg2 16. Kxg2 Qxf8 17. Rad1 Qf6 18. Rd3 Qg6 19. b4 Nc6 20. b5 Nd8 21. Qc2 Ne6 22. Kh1 Qh6 23. Bc1 Qh3 24. Rg1 Bg5 25. g4 Qh6 26. gxf5 Nf4 27. Rf3 Nh3 28. Rg2 Bxc1 29. Rxh3 Qxh3 30. Qxc1 Rf8 31. Qg5 Rf7 32. Rg3 Qf1+ 33. Rg1 Qxe2 34. Qf4 Qxc4 35. h4 Qd5+ 36. Kh2 Rxf5 37. Rg5 Rxg5 38. Qxg5 Qxd4 1/2-1/2

[Event "Loire-ch op"]
[Site "Loire"]
[Date "2002.04.27"]
[Round "5"]
[White "Trenteseaux, Alain"]
[Black "Mialon, Franck"]
[Result "1-0"]
[WhiteElo "1699"]
[BlackElo "1210"]
[PlyCount "51"]
[EventDate "2001.02.??"]
[EventType "swiss"]
[EventRounds "9"]
[EventCountry "FRA"]
[SourceTitle "EXT 2008"]
[Source "ChessBase"]
[SourceDate "2007.11.25"]
[SourceVersion "1"]
[SourceVersionDate "2007.11.25"]
[SourceQuality "1"]

1. e4 e5 2. Nf3 Nc6 3. Bb5 Bc5 4. 0-0 Nge7 5. c3 0-0 6. d4 exd4 7. cxd4 Bb6 8. Re1 d6 9. a4 a6 10. Bc4 Bg4 11. Be2 Bxf3 12. Bxf3 Nxd4 13. Be3 Nxf3+ 14. Qxf3 Bxe3 15. Rxe3 f5 16. Qe2 fxe4 17. Rxe4 Nf5 18. Qc4+ d5 19. Qb3 Kh8 20. Re1 Rf6 21. Nd2 Rh6 22. Nf3 Rb6 23. Qc3 d4 24. Qd2 Qf6 25. Ne5 Rd8 26. Nd7 1-0